000 01397nam a22003737a 4500
003 CHAP
005 20220329143248.0
008 071029d2007 mx r 00110 spa d
010 _a94107
011 _a95079
035 _a105683
040 _cCHAP
090 _aTesis
100 1 _aBautista Ramírez, Edgardo.
_910947
245 1 0 _aContribución al estudio etnobotánico del piñón (Jatropha curcas L.) y Alternativas para la conservación de su plasma germinal.
_c/por Edgardo Bautista Ramírez
260 _aChapingo, Méx. :
_bEl autor,
_c2007.
300 _a118 h. :
_bilus. ; gráfs. ; cuadros. ; mapas. ; anexos
502 _aTesis (Ing. Agr. Esp. en Fitotecnia) -- UACH. Departamento de Fitotecnia
590 _aALEPH
_b10
_c20130110
_lUCH01
_h1520
590 _aBATCH-UPD
_b10
_c20130110
_lUCH01
_h0743
590 _aBATCH-UPD
_b10
_c20130410
_lUCH01
_h0425
590 _aBATCH-UPD
_b10
_c20130914
_lUCH01
_h0548
590 _aCONVERSION
_b10
_c20130109
_lUCH01
_h1352
650 1 4 _aArboles frutales
_xGermoplasma.
_96680
650 1 4 _aEtnobotánica.
_938611
650 1 4 _aGermoplasma.
_947766
650 1 4 _aJatropha curcas.
_961233
650 1 4 _aPiñón.
_988477
901 _aBK
905 _aLuigm
942 _cFOLL
949 _aTesis
_bBC
_cTES
_d33724002039842
_eTS2
_fc.2
_gDonaciØn
_h47135
_i105683
_si
949 _aTesis
_bBC
_cTES
_d33724002039850
_eTS1
_gDonaciØn
_h47134
_i105683
_sb
999 _c94107
_d94107